000 00893nam a2200205Ii 4500
003 JO-AjNU
008 230605s9999||||xx |||||||||||||| ||und||
017 _a1984/12/497
040 _aJO-AjNU
_bara
_erda
_cJO-AjNU
041 _aara
050 1 4 _aDS36.85.M87 1984
100 3 _aالمجمع الملكي لبحوث الحضارة الاسلامية (ماب),
_eauthor
_945262
245 0 0 _aكتاب المؤتمر السنوي الثالث: عمان/ المجمع الملكي لبحوث الحضارة الإسلامية (ماب) 22-27 1404/25-59 نبسان (ابريل) 1984
264 3 1 _aعمان: المجمع الملكي لبحوث الحضارة الاسلامية ، 1984
300 _a267ص
336 _atext
_btxt
_2rdacontent
337 _aunmediated
_bn
_2rdamedia
338 _avolume
_bnc
_2rdacarrier
650 4 _aالحضارة الاسلامية- مرتمرات
_945263
999 _aA19606
_c23174
_d23174